Every City in Mario is Missing - Statistics

General Stats
  • This quiz has been taken 172 times
  • The average score is 21 of 25
Answers on the Map
Answers color-coded by a green-red scale on the quiz's map according to % correct below.
 
Answer Stats
Floor City % Correct
Second Floor Mexico CIty
94%
Fifth Floor New York City
94%
Second Floor Paris
94%
Fifth Floor London
93%
Second Floor Madrid
93%
First Floor Moscow
93%
Fourth Floor Tokyo
93%
Third Floor Berlin
91%
Fourth Floor Cairo
90%
First Floor Beijing
89%
Fifth Floor Rio de Janeiro
89%
First Floor Rome
89%
Second Floor Athens
87%
Third Floor Sydney
87%
Third Floor Buenos Aires
86%
Fifth Floor Istanbul
86%
Fourth Floor Amsterdam
85%
Fifth Floor Jerusalem
85%
Third Floor Dublin
84%
First Floor San Francisco
83%
Fourth Floor Toronto
81%
Fourth Floor Bombay
77%
Third Floor Kathmandu
68%
First Floor Nairobi
66%
Second Floor Marrakech
48%
No matching quizzes found
Score Distribution
Percent of People with Each Score
Percentile by Number Answered
Your Score History
You have not taken this quiz